General Knowledge #1 - Statistics

General Stats
  • This quiz has been taken 24 times
  • The average score is 5 of 10
Answer Stats
Hint Answer % Correct
What is the name of the galaxy that contains our Solar System? The Milky Way
100%
Who developed the theory of general relativity? Albert Einstein
92%
Which country has the most natural lakes in the world? Canada
83%
Which famous battle in 1066 led to the Norman conquest of England? The Battle of Hastings
67%
Which element has the chemical symbol “W”? Tungsten
54%
What is the capital city of Kazakhstan? Astana
50%
Who wrote the philosophical work Thus Spoke Zarathustra? Friedrich Nietzsche
21%
Which empire was ruled by Mansa Musa, often considered the richest person in history? The Mali Empire
17%
What is the smallest bone in the human body, and where is it located? The stapes
17%
In computing, what does “HTTP” stand for? Hyper Text Transfer Protocol
13%
No matching quizzes found
Score Distribution
Percent of People with Each Score
Percentile by Number Answered
Your Score History
You have not taken this quiz